| Tag |
First Indicator |
Second Indicator |
Subfields |
| LEADER |
00000cam a2200000 4500 |
| 001 |
in00000098380 |
| 005 |
20150925115615.0 |
| 008 |
750514s1969 eng u |
| 010 |
|
|
|a 73077914
|
| 035 |
|
|
|a (OCoLC)01331544
|
| 035 |
|
|
|9 AAL3317AM
|
| 040 |
|
|
|c TOL
|d TXA
|d UtOrBLW
|
| 049 |
|
|
|a TXAM
|c [638923]
|
| 050 |
0 |
0 |
|a TL789
|b .C664
|
| 082 |
0 |
|
|a 001/.9
|
| 100 |
1 |
|
|a Condon, Edward Uhler,
|d 1902-1974.
|
| 245 |
1 |
0 |
|a Final report of the scientific study of unidentified flying objects /
|c [by] Edward U. Condon. Daniel S. Gillmor: editor. With an introd. by Walter Sullivan.
|
| 264 |
|
1 |
|a New York :
|b Dutton,
|c 1969.
|
| 300 |
|
|
|a xxiv, 967 pages :
|b illustrations ;
|c 22 cm.
|
| 336 |
|
|
|a text
|b txt
|2 rdacontent
|
| 337 |
|
|
|a unmediated
|b n
|2 rdamedia
|
| 338 |
|
|
|a volume
|b nc
|2 rdacarrier
|
| 504 |
|
|
|a Includes bibliographical references.
|
| 650 |
|
0 |
|a Unidentified flying objects.
|
| 710 |
1 |
|
|a Colorado.
|b University.
|
| 740 |
0 |
|
|a Scientific study of unidentified flying objects.
|
| 999 |
|
|
|a MARS
|
| 999 |
f |
f |
|s d9d62be7-4148-3d76-94ca-db94892176a1
|i 922e9c40-1c33-3943-9af3-7869ca9aa87d
|t 0
|
| 952 |
f |
f |
|p ric
|a Texas A&M University
|b Rellis Campus
|c Joint Library Facility
|d Remote Storage
|t 0
|e TL789 .C664
|h Library of Congress classification
|i unmediated -- volume
|m A14805555455
|
| 998 |
f |
f |
|a TL789 .C664
|t 0
|l Remote Storage
|